| 000 | 00582nam a2200169Ia 4500 | ||
|---|---|---|---|
| 008 | 220216s9999 xx 000 0 und d | ||
| 100 | _aVarghese L. | ||
| 245 | 0 | _aEffect of storage on properties of marketable forms of natural rubber:Influence of humidity and temperature | |
| 260 |
_bInternational Conference and Exhibition, India Rubber Expo 2003, 10-13 February 2003, Mumbai, India _c2003 |
||
| 650 | _aHumidity | ||
| 650 | _aNatural rubber | ||
| 650 | _aStorage effect | ||
| 700 | _aGeethakumariamma M.L. | ||
| 700 | _aMathew N.M. | ||
| 700 | _aThomas K.T. | ||
| 942 | _cBS | ||
| 999 |
_c52980 _d52980 |
||